Pociągi w Polsce nazwane po zwierzętach - Statystyki

Ogólne statystyki
  • Ten quiz został rozwiązany 42 razy
    35 od ostatniego zresetowania
  • Średni wynik to 3 z 6
Statystyki odpowiedzi
Rodzaj pociągu Nazwa pociągu % Poprawnych
IC Żubr
89%
IC Mewa
41%
IC Albatros
37%
IC Kormoran
37%
IC Delfin
30%
IC Koziołek
26%
Nie znaleziono quizów pasujących do podanych kryteriów
Rozkład punktacji
Procent ludzi z każdym wynikiem
Percentyl według liczby udzielonych odpowiedzi
Twoja historia wyników
Nie rozwiązałeś tego quizu od ostatniego zresetowania